000
00283nam a2200121Ia 4500
999
_c
10556
_d
10556
008
220318s9999 xx 000 0 und d
020
_a
9780847833016
082
_a
720.92
_b
HAD
100
_a
Hadid, Zaha
245
0
_a
Zaha Hadid : complete works
260
_a
RIZZOLI
942
_2
ddc